Nekompromisní. 3. díl série, Odveta /
Volné pokračování série Nekompromisní tentokrát představuje Semiona, který má po smrti své sestry vyplnit její poslední vůli - ta mu ale pěkně převrátí život vzhůru nohama.
Uloženo v:
| Série: | Nekompromisní,
část 3 |
|---|---|
| Hlavní autor: | |
| Další autoři: | |
| Médium: | E-kniha |
| Jazyk: | Czech |
| Vydáno: |
Praha :
Dobrovský s.r.o.,
2024
|
| Edice: | Red
|
| Témata: | |
| Příbuzné jednotky: | Z cyklu::
Nekompromisní |
| Tagy: |
Žádné tagy |
| LEADER | 02480nam a2200469 i 4500 | ||
|---|---|---|---|
| 001 | 312598 | ||
| 003 | CZ PrSKC | ||
| 005 | 20260601215725.0 | ||
| 007 | ta | ||
| 008 | 241206s2024 xr g 000 f cze | ||
| 015 | |a cnb003653756 | ||
| 020 | |a 9788027740536 |q (brožováno) : |c Kč 399,00 | ||
| 035 | |a (OCoLC)1505965055 | ||
| 040 | |a ABG001 |b cze |d ABA001 |e rda | ||
| 041 | 1 | |a cze |h slo | |
| 072 | 7 | |a 821.162.4 |x Slovenská literatura |2 Konspekt | |
| 080 | |a 821.162.4-31 |2 MRF | ||
| 080 | |a (0:82-312.5) |2 MRF | ||
| 100 | 1 | |a Brnková, Michaela |7 ola20221167625 |4 aut | |
| 240 | 1 | 0 | |a Odveta. |l Česky |
| 245 | 1 | 0 | |a Nekompromisní. |n 3. díl série, |p Odveta / |c Michaela Brnková ; přeložila Kateřina Sýkorová |
| 246 | 3 | 0 | |a Odveta |
| 264 | 1 | |a Praha : |b Dobrovský s.r.o., |c 2024 | |
| 300 | |a 291 stran ; |c 20 cm | ||
| 336 | |a text |b txt |2 rdacontent | ||
| 337 | |a bez média |b n |2 rdamedia | ||
| 338 | |a svazek |b nc |2 rdacarrier | ||
| 490 | 1 | |a Red | |
| 500 | |a Přeloženo ze slovenštiny | ||
| 520 | 2 | |a Volné pokračování série Nekompromisní tentokrát představuje Semiona, který má po smrti své sestry vyplnit její poslední vůli - ta mu ale pěkně převrátí život vzhůru nohama. |b Semovi právě umřela sestra. Zdrtí ho to, přestože ji šestnáct let neviděl. A jako by se ho navíc snažila potrestat, napsala si do závěti ultimátum: její adoptivní dcera zdědí svůj rodný dům, jen pokud zůstane do jednadvacetin v Semově péči. On si však jako nejvyšší boss amerického podsvětí vychovávání nějakého dítěte z mnoha důvodů nemůže dovolit. Jenže Angelina pro svůj dům udělá cokoliv... Nakladatelská anotace. | |
| 655 | 7 | |a slovenské romány |7 fd133450 |2 czenas | |
| 655 | 7 | |a milostné romány |7 fd132840 |2 czenas | |
| 655 | 9 | |a Slovak fiction |2 eczenas | |
| 655 | 9 | |a love novels |2 eczenas | |
| 700 | 1 | |a Sýkorová, Kateřina, |d 1994- |7 jo20231203522 |4 trl | |
| 787 | 0 | 8 | |i Z cyklu: |t Nekompromisní |g 3 |
| 830 | 0 | |a Red | |
| 900 | |a ABA001 |b 21 | ||
| 044 | |a xr | ||
| 910 | |a RBIT002 | ||
| 998 | |d 416591 |a https://core.palmknihy.cz/api/books/416591/cover?solxnr |b https://core.palmknihy.cz/api/books/416591/cover/400?solxnr |c https://core.palmknihy.cz/api/books/416591/cover/50?solxnr |e 2028-07-14 |g 296 |i 9788027740536 |j https://core.palmknihy.cz/api/books/416591/preview.epub |k https://core.palmknihy.cz/api/books/416591/preview.pdf |l |q 49 |r 1 |s https://www.palmknihy.cz/kniha/416591 |t ebook |y 2024 |z 0 |v Nekompromisní |w 3 | ||
| 999 | |d 312596 | ||